<?xml version="1.0" encoding="UTF-8"?>
<record
    xmlns:xsi="http://www.w3.org/2001/XMLSchema-instance"
    xsi:schemaLocation="http://www.loc.gov/MARC21/slim http://www.loc.gov/standards/marcxml/schema/MARC21slim.xsd"
    xmlns="http://www.loc.gov/MARC21/slim">

  <leader>00309nam a2200133Ia 4500</leader>
  <datafield tag="999" ind1=" " ind2=" ">
    <subfield code="c">6818</subfield>
    <subfield code="d">6818</subfield>
  </datafield>
  <controlfield tag="008">191201s2018    xx            000 0 und d</controlfield>
  <datafield tag="020" ind1=" " ind2=" ">
    <subfield code="a">9780198093695</subfield>
  </datafield>
  <datafield tag="100" ind1=" " ind2=" ">
    <subfield code="a">SRIDHAR, S</subfield>
  </datafield>
  <datafield tag="245" ind1=" " ind2="0">
    <subfield code="a">Design and Analysis of Algorithms</subfield>
  </datafield>
  <datafield tag="260" ind1=" " ind2=" ">
    <subfield code="b">Oxford</subfield>
    <subfield code="c">2018</subfield>
  </datafield>
  <datafield tag="300" ind1=" " ind2=" ">
    <subfield code="a">770</subfield>
  </datafield>
  <datafield tag="650" ind1=" " ind2=" ">
    <subfield code="a">MCA</subfield>
  </datafield>
  <datafield tag="942" ind1=" " ind2=" ">
    <subfield code="2">ddc</subfield>
    <subfield code="c">BK</subfield>
    <subfield code="0">5</subfield>
  </datafield>
  <datafield tag="952" ind1=" " ind2=" ">
    <subfield code="0">0</subfield>
    <subfield code="1">0</subfield>
    <subfield code="2">ddc</subfield>
    <subfield code="4">0</subfield>
    <subfield code="7">0</subfield>
    <subfield code="8">MCA</subfield>
    <subfield code="a">PIET</subfield>
    <subfield code="b">PIET</subfield>
    <subfield code="d">2020-07-21</subfield>
    <subfield code="e">Kirti Prakashan</subfield>
    <subfield code="g">700.00</subfield>
    <subfield code="k">IN3686</subfield>
    <subfield code="l">0</subfield>
    <subfield code="o">005.12 SRD</subfield>
    <subfield code="p">30438</subfield>
    <subfield code="r">2019-12-04 00:00:00</subfield>
    <subfield code="v">476.00</subfield>
    <subfield code="w">2019-04-22</subfield>
    <subfield code="y">BK</subfield>
  </datafield>
  <datafield tag="952" ind1=" " ind2=" ">
    <subfield code="0">0</subfield>
    <subfield code="1">0</subfield>
    <subfield code="2">ddc</subfield>
    <subfield code="4">0</subfield>
    <subfield code="7">0</subfield>
    <subfield code="8">MCA</subfield>
    <subfield code="a">PIET</subfield>
    <subfield code="b">PIET</subfield>
    <subfield code="d">2020-07-21</subfield>
    <subfield code="e">Kirti Prakashan</subfield>
    <subfield code="g">700.00</subfield>
    <subfield code="k">IN3686</subfield>
    <subfield code="l">11</subfield>
    <subfield code="o">005.12 SRD</subfield>
    <subfield code="p">30439</subfield>
    <subfield code="r">2026-04-15 14:23:50</subfield>
    <subfield code="s">2026-04-14</subfield>
    <subfield code="v">476.00</subfield>
    <subfield code="w">2019-04-22</subfield>
    <subfield code="y">BK</subfield>
  </datafield>
  <datafield tag="952" ind1=" " ind2=" ">
    <subfield code="0">0</subfield>
    <subfield code="1">0</subfield>
    <subfield code="2">ddc</subfield>
    <subfield code="4">0</subfield>
    <subfield code="7">0</subfield>
    <subfield code="8">MCA</subfield>
    <subfield code="a">PIET</subfield>
    <subfield code="b">PIET</subfield>
    <subfield code="d">2025-02-13</subfield>
    <subfield code="e">Zafaa Books and Distributors</subfield>
    <subfield code="f">INR</subfield>
    <subfield code="g">1030.00</subfield>
    <subfield code="h">4th Ed.</subfield>
    <subfield code="k">ZBD091</subfield>
    <subfield code="l">3</subfield>
    <subfield code="o">005.12 SRD</subfield>
    <subfield code="p">38751</subfield>
    <subfield code="r">2026-05-28 15:45:25</subfield>
    <subfield code="s">2026-05-20</subfield>
    <subfield code="v">710.70</subfield>
    <subfield code="w">2025-02-13</subfield>
    <subfield code="y">BK</subfield>
  </datafield>
  <datafield tag="952" ind1=" " ind2=" ">
    <subfield code="0">0</subfield>
    <subfield code="1">0</subfield>
    <subfield code="2">ddc</subfield>
    <subfield code="4">0</subfield>
    <subfield code="7">0</subfield>
    <subfield code="8">MCA</subfield>
    <subfield code="a">PIET</subfield>
    <subfield code="b">PIET</subfield>
    <subfield code="d">2025-02-13</subfield>
    <subfield code="e">Viva Books Privat Limited </subfield>
    <subfield code="f">INR</subfield>
    <subfield code="g">1030.00</subfield>
    <subfield code="h">4th Ed.</subfield>
    <subfield code="k">SIVB-30-24--01557</subfield>
    <subfield code="l">4</subfield>
    <subfield code="o">005.12 SRD</subfield>
    <subfield code="p">38739</subfield>
    <subfield code="q">2026-06-18</subfield>
    <subfield code="r">2026-06-04 15:29:14</subfield>
    <subfield code="s">2026-06-04</subfield>
    <subfield code="v">824.00</subfield>
    <subfield code="w">2024-09-05</subfield>
    <subfield code="y">BK</subfield>
  </datafield>
</record>
